Sports Quiz

Random Sports Quiz

Champions League playoff participants (Since 2001) Quiz Stats

Quiz not verified by Sporcle

Challenge
Share
Tweet
Embed
Score 0/297 Timer 10:00
0 Plays Today
Hint Answer % Correct
2001/2002Real
94.3%
2001/2002Liverpool
94.3%
2002/2003Real
94.3%
HINTLiverpool
94.3%
HINTReal
94.3%
2003/2004Chelsea
94.3%
2003/2004Real
94.3%
2004/2005Liverpool
94.3%
HINTChelsea
94.3%
2004/2005Chelsea
94.3%
2004/2005Real
94.3%
2005/2006Real
94.3%
2005/2006Liverpool
94.3%
2005/2006Chelsea
94.3%
2006/2007Liverpool
94.3%
2006/2007Chelsea
94.3%
2006/2007Real
94.3%
2007/2008Chelsea
94.3%
2007/2008Liverpool
94.3%
2007/2008Real
94.3%
2008/2009Chelsea
94.3%
2008/2009Liverpool
94.3%
2008/2009Real
94.3%
2009/2010Chelsea
94.3%
2009/2010Real
94.3%
2010/2011Real
94.3%
2010/2011Chelsea
94.3%
2011/2012Chelsea
94.3%
2011/2012Real
94.3%
2012/2013Real
94.3%
2013/2014Real
94.3%
2013/2014Chelsea
94.3%
2014/2015Real
94.3%
2015/2016Real
94.3%
2014/2015Chelsea
94.3%
2016/2017Real
94.3%
2015/2016Chelsea
94.3%
2001/2002Manchester United
92.9%
2002/2003Manchester United
92.9%
HINTManchester United
92.9%
2003/2004Manchester United
92.9%
2004/2005Manchester United
92.9%
2006/2007Manchester United
92.9%
2007/2008Manchester United
92.9%
2008/2009Manchester United
92.9%
2009/2010Manchester United
92.9%
2010/2011Manchester United
92.9%
2012/2013Manchester United
92.9%
2013/2014Manchester United
92.9%
2001/2002Barcelona
91.4%
2002/2003Juventus
91.4%
2002/2003Barcelona
91.4%
HINTBarcelona
91.4%
HINTArsenal
91.4%
HINTJuventus
91.4%
2003/2004Arsenal
91.4%
2003/2004Juventus
91.4%
2004/2005Juventus
91.4%
2004/2005Arsenal
91.4%
2004/2005Barcelona
91.4%
2005/2006Barcelona
91.4%
2005/2006Arsenal
91.4%
2005/2006Juventus
91.4%
2006/2007Arsenal
91.4%
2006/2007Barcelona
91.4%
2007/2008Barcelona
91.4%
2007/2008Arsenal
91.4%
2008/2009Barcelona
91.4%
2008/2009Arsenal
91.4%
2008/2009Atletico
91.4%
2008/2009Juventus
91.4%
2009/2010Barcelona
91.4%
2009/2010Arsenal
91.4%
HINTAtletico
91.4%
2010/2011Barcelona
91.4%
2010/2011Arsenal
91.4%
2011/2012Barcelona
91.4%
2011/2012Arsenal
91.4%
2012/2013Barcelona
91.4%
2012/2013Juventus
91.4%
2012/2013Arsenal
91.4%
2013/2014Atletico
91.4%
2013/2014Barcelona
91.4%
2013/2014Arsenal
91.4%
2014/2015Barcelona
91.4%
2014/2015Juventus
91.4%
2014/2015Arsenal
91.4%
2014/2015Atletico
91.4%
2015/2016Atletico
91.4%
2015/2016Juventus
91.4%
2015/2016Arsenal
91.4%
2015/2016Barcelona
91.4%
2016/2017Arsenal
91.4%
2016/2017Juventus
91.4%
2016/2017Atletico
91.4%
2016/2017Barcelona
91.4%
2001/2002Bayern
90%
2002/2003Milan
90%
HINTMilan
90%
Hint Answer % Correct
HINTBayern
90%
2003/2004Milan
90%
2003/2004Bayern
90%
HINTMonaco
90%
2003/2004Monaco
90%
2004/2005Milan
90%
2004/2005Bayern
90%
2004/2005Monaco
90%
2005/2006Milan
90%
2005/2006Bayern
90%
2006/2007Bayern
90%
2006/2007Milan
90%
2007/2008AC Milan
90%
2008/2009Bayern
90%
2009/2010Bayern
90%
2009/2010AC Milan
90%
2010/2011Bayern
90%
2010/2011AC Milan
90%
2011/2012Bayern
90%
2011/2012AC Milan
90%
2012/2013Bayern
90%
2012/2013AC Milan
90%
2013/2014Bayern
90%
2013/2014Manchester City
90%
2013/2014Milan
90%
2014/2015Bayern
90%
2014/2015Manchester City
90%
2014/2015Monaco
90%
2015/2016Manchester City
90%
2015/2016Bayern
90%
2016/2017Monaco
90%
2016/2017Manchester City
90%
2016/2017Bayern
90%
HINTManchester City
90%
2003/2004Porto
88.6%
HINTPorto
88.6%
2004/2005Porto
88.6%
2006/2007Porto
88.6%
2007/2008Porto
88.6%
2008/2009Porto
88.6%
2009/2010Porto
88.6%
2012/2013Porto
88.6%
2013/2014Dortmund
88.6%
2014/2015Dortmund
88.6%
2014/2015Porto
88.6%
2016/2017Porto
88.6%
2016/2017Dortmund
88.6%
2012/2013Dortmund
88.6%
HINTDortmund
88.6%
2006/2007AS Roma
87.1%
2007/2008AS Roma
87.1%
2008/2009AS Roma
87.1%
HINTAS Roma
87.1%
2010/2011AS Roma
87.1%
2015/2016AS Roma
87.1%
2002/2003Inter
85.7%
HINTGalatasaray
85.7%
HINTInter
85.7%
2003/2004Lyon
85.7%
HINTLyon
85.7%
2004/2005Lyon
85.7%
2004/2005Inter
85.7%
2005/2006Lyon
85.7%
2005/2006Inter
85.7%
2006/2007Inter
85.7%
2006/2007Lyon
85.7%
2007/2008Inter
85.7%
2007/2008Lyon
85.7%
2008/2009Inter
85.7%
2008/2009Lyon
85.7%
2009/2010Inter
85.7%
2009/2010Lyon
85.7%
2010/2011Inter
85.7%
2010/2011Lyon
85.7%
2011/2012Inter
85.7%
2011/2012Lyon
85.7%
2012/2013PSG
85.7%
2012/2013Galatasaray
85.7%
2013/2014PSG
85.7%
2013/2014Galatasaray
85.7%
2014/2015PSG
85.7%
2015/2016PSG
85.7%
2016/2017PSG
85.7%
HINTPSG
85.7%
2001/2002Leverkusen
84.3%
HINTLeverkusen
84.3%
2004/2005Leverkusen
84.3%
2005/2006Benfica
84.3%
HINTBenfica
84.3%
2006/2007Celtic
84.3%
2007/2008Celtic
84.3%
HINTCeltic
84.3%
HINTTottenham
84.3%
2010/2011Tottenham
84.3%
2011/2012Benfica
84.3%
2012/2013Celtic
84.3%
2013/2014Leverkusen
84.3%
2014/2015Leverkusen
84.3%
2015/2016Benfica
84.3%
Hint Answer % Correct
2016/2017Benfica
84.3%
2016/2017Leverkusen
84.3%
2007/2008Schalke
82.9%
HINTSchalke
82.9%
2010/2011Schalke
82.9%
2011/2012Napoli
82.9%
2012/2013Schalke
82.9%
2013/2014Schalke
82.9%
2014/2015Schalke
82.9%
2016/2017Napoli
82.9%
HINTNapoli
82.9%
2002/2003Ajax
81.4%
HINTAjax
81.4%
2004/2005PSV
81.4%
HINTPSV
81.4%
2005/2006Ajax
81.4%
2005/2006PSV
81.4%
2005/2006Rangers
81.4%
HINTRangers
81.4%
2006/2007PSV
81.4%
2007/2008Sevilla
81.4%
2008/2009Sporting
81.4%
2009/2010CSKA
81.4%
2009/2010Sevilla
81.4%
HINTSporting
81.4%
HINTCSKA
81.4%
2011/2012CSKA
81.4%
2011/2012Zenit
81.4%
2013/2014Zenit
81.4%
2015/2016Eindhoven
81.4%
2015/2016Zenit
81.4%
2016/2017Sevilla
81.4%
HINTZenit
81.4%
HINTSevilla
81.4%
2002/2003Valencia
78.6%
HINTValencia
78.6%
2006/2007Valencia
78.6%
2010/2011Valencia
78.6%
2011/2012Basel
78.6%
2012/2013Valencia
78.6%
2014/2015Basel
78.6%
HINTBasel
78.6%
2005/2006Villarreal
77.1%
HINTVillarreal
77.1%
2007/2008Fenerbahce
77.1%
2008/2009Villarreal
77.1%
HINTFenerbahce
77.1%
2010/2011Marseille
77.1%
HINTMarseille
77.1%
2011/2012Marseille
77.1%
2016/2017Leicester
77.1%
HINTLeicester
77.1%
2001/2002Panathinaikos
72.9%
HINTPanathinaikos
72.9%
2003/2004Sparta
72.9%
HINTSparta
72.9%
2008/2009Panathinaikos
72.9%
2009/2010Fiorentina
71.4%
HINTFiorentina
71.4%
2011/2012APOEL
71.4%
HINTAPOEL
71.4%
2006/2007Lille
70%
HINTLille
70%
2010/2011Shakhtar
70%
HINTShakhtar
70%
2012/2013Shakhtar
70%
2014/2015Shakhtar
70%
2011/2012Leverkusen
68.6%
2004/2005Werder Bremen
65.7%
2005/2006Werder Bremen
65.7%
2015/2016Wolfsburg
65.7%
HINTWolfsburg
65.7%
HINTWerder Bremen
65.7%
2009/2010Bordeaux
64.3%
HINTBordeaux
64.3%
2010/2011Copenhagen
62.9%
HINTCopenhagen
62.9%
2007/2008Olympiacos
61.4%
2009/2010Olympiacos
61.4%
HINTOlympiacos
61.4%
2013/2014Olympiacos
61.4%
2003/2004Lokomotiv
54.3%
HINTLokomotiv
54.3%
2012/2013Malaga
54.3%
HINTMalaga
54.3%
2015/2016Gent
52.9%
HINTGent
52.9%
2003/2004Stuttgart
51.4%
HINTStuttgart
51.4%
2009/2010Stuttgart
51.4%
2003/2004Real Sociedad
45.7%
HINTReal Sociedad
45.7%
HINTDynamo Kiyv
42.9%
2003/2004Celta Vigo
35.7%
HINTCelta Vigo
35.7%
2001/2002La Coruña
34.3%
HINTLa Coruña
34.3%
2003/2004La Coruña
34.3%
2015/2016Dynamo Kiyv
28.6%

You're not logged in!

Compare scores with friends on all Sporcle quizzes.
Sign Up with Email
OR
Log In

You Might Also Like...

Show Comments

Extras

Top Quizzes Today


Score Distribution

Your Account Isn't Verified!

In order to create a playlist on Sporcle, you need to verify the email address you used during registration. Go to your Sporcle Settings to finish the process.

Report this User

Report this user for behavior that violates our Community Guidelines.

Details: